00501nam a2200145Ia 4500008004100000041000800041082001200049100001900061245004500080260004400125300002300169365001100192999001700203952013500220240624s9999 xx 000 0 und d aeng a823 TRI aTRINADH B NAGA aRASCAL S LIFE I ARMANI FERRARI GIRLFRIEN c2011aMumbaibHimalaya Publishing House a86 : p. : cm. ; 22 cRSb30 c19552d19552 00104070aIMTNbIMTNcRack 41-Ad2012-09-27eHPHPLg90.00l5o823 TRIp19552r2026-01-18 19:35:09s2026-01-07t1w2024-06-24yBK